[Event "16. Obert Internacional Sant Martí 2014"]
[Site "Barcelona ESP"]
[Date "2014.07.21"]
[Round "9.32"]
[White "Oms Fuentes, Lluis"]
[Black "Newrkla, Katharina"]
[Result "1-0"]
[WhiteElo "2293"]
[BlackElo "2167"]
[PlyCount "61"]
[EventDate "2014.07.13"]
[EventType "swiss"]
[EventRounds "9"]
[EventCountry "ESP"]
[Source "lmi"]
[SourceDate "2014.07.13"]

1. e4 e5 2. Nc3 Nf6 3. g3 Nc6 4. Bg2 Bc5 5. d3 a6 6. h3 d6 7. Nge2 Be6 8. Nd5
Bxd5 9. exd5 Ne7 10. c4 Nf5 11. O-O h5 12. Bg5 h4 13. b4 Ba7 14. g4 Ng3 15.
Nxg3 hxg3 16. Be3 gxf2+ 17. Bxf2 Bxf2+ 18. Rxf2 Qd7 19. Qf3 O-O-O 20. Raf1 Qe7
21. Qe3 Rdf8 22. Qa7 Nd7 23. Rc2 e4 24. dxe4 Ne5 25. c5 c6 26. cxd6 Qxd6 27.
dxc6 bxc6 28. Rfc1 Rh6 29. Qxa6+ Kb8 30. Qb6+ Ka8 31. Rc3 1-0

[Event "16. Obert Internacional Sant Martí 2014"]
[Site "Barcelona ESP"]
[Date "2014.07.21"]
[Round "9.33"]
[White "Dalo, Hermes"]
[Black "Ruhlmann, Helene"]
[Result "1-0"]
[WhiteElo "2226"]
[BlackElo "1867"]
[PlyCount "141"]
[EventDate "2014.07.13"]
[EventType "swiss"]
[EventRounds "9"]
[EventCountry "ESP"]
[Source "lmi"]
[SourceDate "2014.07.13"]

1. d4 d5 2. c4 e6 3. Nc3 Be7 4. cxd5 exd5 5. Bf4 c6 6. Qc2 Nf6 7. e3 Nbd7 8. h3
O-O 9. Bd3 Re8 10. Nf3 Nf8 11. O-O Ng6 12. Bh2 Bd6 13. Bxd6 Qxd6 14. Rab1 Qe7
15. b4 a6 16. Na4 Ne4 17. Nb6 Rb8 18. a4 Qc7 19. Nxd5 Qd6 20. Nc3 Nf6 21. Ne4
Nxe4 22. Bxe4 Be6 23. Ng5 Bd5 24. Bxg6 hxg6 25. e4 Be6 26. Nxe6 Qxe6 27. Rfe1
Rbd8 28. Rbd1 Qd6 29. Qc5 Qf4 30. Qc2 Qd6 31. Qc3 Qf6 32. g3 Qe6 33. Kg2 Qa2
34. Ra1 Qe6 35. Qc5 Qf6 36. Rad1 Kh8 37. h4 Kg8 38. Qg5 Qd6 39. h5 gxh5 40.
Qxh5 Re6 41. Rh1 Rh6 42. Qc5 Rxh1 43. Qxd6 Rxd6 44. Kxh1 Kf8 45. Kg2 Ke7 46.
Kf3 Ke6 47. Ke3 Rd8 48. Rh1 a5 49. Rb1 axb4 50. Rxb4 Rb8 51. Rb6 Kd7 52. e5 Kc7
53. Rb4 Rh8 54. f4 Rh1 55. Kf3 Ra1 56. Kg4 Ra3 57. f5 Re3 58. Kf4 Re1 59. Kg5
Re4 60. f6 gxf6+ 61. Kxf6 c5 62. Rc4 b6 63. Kxf7 Rxd4 64. Rc3 Rxa4 65. e6 Ra2
66. Rf3 Rh2 67. e7 Rh7+ 68. Ke6 Rh6+ 69. Rf6 Rh8 70. Rf8 Rh7 71. Kd5 1-0

[Event "16. Obert Internacional Sant Martí 2014"]
[Site "Barcelona ESP"]
[Date "2014.07.21"]
[Round "9.34"]
[White "Ventura Bolet, Maxim"]
[Black "Lasinskas, Povilas"]
[Result "0-1"]
[WhiteElo "2044"]
[BlackElo "2212"]
[PlyCount "72"]
[EventDate "2014.07.13"]
[EventType "swiss"]
[EventRounds "9"]
[EventCountry "ESP"]
[Source "lmi"]
[SourceDate "2014.07.13"]

1. c4 Nf6 2. g3 g6 3. Bg2 d5 4. cxd5 Nxd5 5. Nc3 Nb6 6. d3 Bg7 7. Be3 O-O 8. h4
Nc6 9. h5 Ne5 10. hxg6 hxg6 11. Bh6 Bxh6 12. Rxh6 Kg7 13. Rh4 Rh8 14. Qd2 Rxh4
15. gxh4 Qd4 16. Nf3 Nxf3+ 17. Bxf3 Qxh4 18. O-O-O Qh6 19. e3 Qh3 20. Be4 c6
21. Rh1 Qg4 22. f4 Qg3 23. Bxg6 Qxg6 24. e4 f6 25. Qh2 Bg4 26. Nd1 Bxd1 27.
Kxd1 Kf7 28. Rg1 Rh8 29. Qxh8 Qxg1+ 30. Ke2 Qg4+ 31. Ke3 Qg3+ 32. Ke2 Qxf4 33.
Qh7+ Ke6 34. Qg8+ Kd7 35. Qh8 Qe5 36. Ke3 Nd5+ 0-1

[Event "16. Obert Internacional Sant Martí 2014"]
[Site "Barcelona ESP"]
[Date "2014.07.21"]
[Round "9.35"]
[White "Saiz Rodrigo, Fernando"]
[Black "Lindh, Fredrik"]
[Result "0-1"]
[WhiteElo "1917"]
[BlackElo "2205"]
[PlyCount "52"]
[EventDate "2014.07.13"]
[EventType "swiss"]
[EventRounds "9"]
[EventCountry "ESP"]
[Source "lmi"]
[SourceDate "2014.07.13"]

1. e4 c5 2. Nc3 Nc6 3. f4 e6 4. Nf3 a6 5. a4 d5 6. d3 Nf6 7. e5 Nd7 8. Qe2 Qa5
9. Bd2 Qb6 10. b3 Nd4 11. Nxd4 cxd4 12. Na2 Qc7 13. c4 dxc3 14. Nxc3 Bb4 15.
Rc1 Qa5 16. d4 O-O 17. Qh5 Qb6 18. Be3 Ba3 19. Rb1 Qb4 20. Kd2 Nc5 21. Ke2 Qxc3
22. dxc5 Qc2+ 23. Kf3 Qxb1 24. g4 Qe4+ 25. Kf2 d4 26. Bd2 Bxc5 0-1

[Event "16. Obert Internacional Sant Martí 2014"]
[Site "Barcelona ESP"]
[Date "2014.07.21"]
[Round "9.36"]
[White "Sonis, Francesco"]
[Black "Sanchez Lopez, Juan Manuel"]
[Result "1/2-1/2"]
[WhiteElo "2029"]
[BlackElo "2141"]
[PlyCount "84"]
[EventDate "2014.07.13"]
[EventType "swiss"]
[EventRounds "9"]
[EventCountry "ESP"]
[Source "lmi"]
[SourceDate "2014.07.13"]

1. d4 Nf6 2. c4 c5 3. d5 b5 4. cxb5 a6 5. bxa6 g6 6. Nc3 Bxa6 7. e4 Bxf1 8.
Kxf1 d6 9. Nf3 Nbd7 10. g3 Bg7 11. Kg2 O-O 12. Qe2 Nb6 13. a4 Ng4 14. a5 Nd7
15. Nd2 h5 16. h3 Ngf6 17. Nc4 Ne5 18. Nxe5 dxe5 19. a6 Qd6 20. a7 Qd7 21. Qa6
Rfc8 22. f3 Rc7 23. Nb5 Rb7 24. Ra5 Ne8 25. Bd2 Nd6 26. Nxd6 exd6 27. Rha1 Rxb2
28. R1a2 Rb7 29. Qc6 Qe7 30. Qa4 Kh7 31. Be3 Bh6 32. Bf2 f5 33. Qc6 Bf8 34. Ra6
Raxa7 35. Rxa7 Rxa7 36. Rxa7 Qxa7 37. exf5 gxf5 38. Qe8 Kg7 39. Qxh5 Qf7 40.
Qxf7+ Kxf7 41. Kf1 Bh6 42. Ke2 Kf6 1/2-1/2

[Event "16. Obert Internacional Sant Martí 2014"]
[Site "Barcelona ESP"]
[Date "2014.07.21"]
[Round "9.37"]
[White "Matsenko, Vadim"]
[Black "Guix Torres, David"]
[Result "0-1"]
[WhiteElo "2108"]
[BlackElo "2045"]
[PlyCount "118"]
[EventDate "2014.07.13"]
[EventType "swiss"]
[EventRounds "9"]
[EventCountry "ESP"]
[Source "lmi"]
[SourceDate "2014.07.13"]

1. e4 c5 2. Nf3 d6 3. d4 cxd4 4. Qxd4 Nc6 5. Bb5 Bd7 6. Bxc6 Bxc6 7. Nc3 Nf6 8.
Bg5 e6 9. O-O-O Be7 10. Rhe1 Qa5 11. Bd2 Qc7 12. Qd3 O-O 13. Nd4 Rfc8 14. f4 a6
15. Nxc6 Qxc6 16. Re3 b5 17. Be1 b4 18. Ne2 d5 19. e5 Ne4 20. Nd4 Qb7 21. Kb1
a5 22. f5 Bc5 23. Re2 Bxd4 24. Qxd4 Rc4 25. Qd3 a4 26. Ka1 b3 27. a3 Nc5 28.
Qg3 bxc2 29. Rxc2 Rxc2 30. Bb4 exf5 31. Qf3 g6 32. Kb1 Rc4 33. Rxd5 Ne4 34. Qd3
Rcc8 35. g4 Qc6 36. gxf5 Qc1+ 37. Ka2 Qc4+ 38. Kb1 Qxd3+ 39. Rxd3 gxf5 40. Rf3
h6 41. Rxf5 Nc5 42. Rh5 Ra6 43. e6 Nxe6 44. Rxh6 Rac6 45. Bc3 Ng7 46. Rh4 Rc4
47. Rh3 f5 48. Rg3 Rg4 49. Rd3 Rg1+ 50. Ka2 Rg2 51. h3 Kh7 52. Kb1 Rc4 53. Rd7
Rh4 54. Rf7 Rxh3 55. Bxg7 Rxg7 56. Rxf5 Rg1+ 57. Kc2 Rg2+ 58. Kb1 Rh1+ 59. Ka2
Rgg1 0-1

[Event "16. Obert Internacional Sant Martí 2014"]
[Site "Barcelona ESP"]
[Date "2014.07.21"]
[Round "9.38"]
[White "Bernat, Ernest"]
[Black "Castrillo Mansego, Pablo"]
[Result "0-1"]
[WhiteElo "2101"]
[BlackElo "2013"]
[PlyCount "90"]
[EventDate "2014.07.13"]
[EventType "swiss"]
[EventRounds "9"]
[EventCountry "ESP"]
[Source "lmi"]
[SourceDate "2014.07.13"]

1. e4 c5 2. Nf3 d6 3. d4 cxd4 4. Nxd4 Nf6 5. Nc3 g6 6. Be2 Bg7 7. O-O O-O 8.
Be3 Nc6 9. h3 Bd7 10. Nb3 Rc8 11. f4 a6 12. a4 Na5 13. Nxa5 Qxa5 14. Qd2 Rxc3
15. Qxc3 Qxc3 16. bxc3 Nxe4 17. Bd4 Nxc3 18. Bxg7 Nxe2+ 19. Kf2 Kxg7 20. Kxe2
Rc8 21. Kd2 Rc4 22. a5 Bc6 23. Rf2 f5 24. Re2 Kf6 25. g3 e5 26. fxe5+ dxe5 27.
Re3 g5 28. Rc3 Rxc3 29. Kxc3 f4 30. gxf4 exf4 31. Rg1 Kf5 32. Kd4 h5 33. c3 g4
34. hxg4+ hxg4 35. Re1 g3 36. Kd3 f3 37. Ke3 f2 38. Rd1 Bb5 39. Kf3 f1=Q+ 40.
Rxf1 Bxf1 41. Kxg3 Ke4 42. Kf2 Bb5 43. Ke1 Kd3 44. Kd1 Kxc3 45. Kc1 Kb4 0-1

[Event "16. Obert Internacional Sant Martí 2014"]
[Site "Barcelona ESP"]
[Date "2014.07.21"]
[Round "9.39"]
[White "Pozanco Romasanta, Marc"]
[Black "Masferrer Niubo, Enric"]
[Result "1/2-1/2"]
[WhiteElo "2088"]
[BlackElo "1996"]
[PlyCount "59"]
[EventDate "2014.07.13"]
[EventType "swiss"]
[EventRounds "9"]
[EventCountry "ESP"]
[Source "lmi"]
[SourceDate "2014.07.13"]

1. d4 Nf6 2. c4 g6 3. Nc3 Bg7 4. e4 d6 5. Be2 O-O 6. Bg5 Na6 7. Qd2 e5 8. d5 c6
9. h4 cxd5 10. cxd5 Bd7 11. h5 Qa5 12. h6 Bh8 13. f3 Rac8 14. Be3 Nc5 15. Nb5
Qxd2+ 16. Kxd2 Bxb5 17. Bxb5 a6 18. Be2 Nh5 19. Bd1 Ng3 20. Bxc5 Rxc5 21. Rh3
Nh5 22. Ne2 Nf4 23. Rh2 Rfc8 24. Nc3 b5 25. g3 Nh5 26. Ne2 Bf6 27. b4 Rc4 28.
Bb3 R4c7 29. a3 Bg5+ 30. Kd1 1/2-1/2

[Event "16. Obert Internacional Sant Martí 2014"]
[Site "Barcelona ESP"]
[Date "2014.07.21"]
[Round "9.40"]
[White "Vigo Allepuz, David"]
[Black "Yapar, Nedim"]
[Result "1/2-1/2"]
[WhiteElo "2085"]
[BlackElo "1971"]
[PlyCount "35"]
[EventDate "2014.07.13"]
[EventType "swiss"]
[EventRounds "9"]
[EventCountry "ESP"]
[Source "lmi"]
[SourceDate "2014.07.13"]

1. e4 c5 2. Nc3 a6 3. a4 b6 4. g3 Bb7 5. Bg2 e6 6. Nge2 Nf6 7. O-O d5 8. exd5
Nxd5 9. Nxd5 Bxd5 10. Bxd5 Qxd5 11. d4 Nc6 12. dxc5 Qxd1 13. Rxd1 Bxc5 14. c3
Ke7 15. b4 Bd6 16. Be3 Bc7 17. b5 Na5 18. Nd4 1/2-1/2

[Event "16. Obert Internacional Sant Martí 2014"]
[Site "Barcelona ESP"]
[Date "2014.07.21"]
[Round "9.41"]
[White "Hapala, Elisabeth"]
[Black "Magallanes, Gustavo"]
[Result "1-0"]
[WhiteElo "2068"]
[BlackElo "1969"]
[PlyCount "105"]
[EventDate "2014.07.13"]
[EventType "swiss"]
[EventRounds "9"]
[EventCountry "ESP"]
[Source "lmi"]
[SourceDate "2014.07.13"]

1. e4 c5 2. Nf3 e6 3. d4 cxd4 4. Nxd4 Nf6 5. Nc3 Nc6 6. Ndb5 d6 7. Bf4 e5 8.
Bg5 a6 9. Na3 b5 10. Nd5 Be6 11. c4 b4 12. Nc2 a5 13. Bxf6 gxf6 14. Nce3 Nd4
15. Bd3 Bh6 16. Qh5 Bg7 17. O-O Rb8 18. Ng4 Rb7 19. Qh4 Bxd5 20. cxd5 f5 21.
Qxd8+ Kxd8 22. exf5 h5 23. Ne3 a4 24. Rac1 Kd7 25. Rc4 Bf6 26. Rfc1 Rg8 27. Kf1
Rgb8 28. Nc2 Bg5 29. Ra1 Nxc2 30. Bxc2 b3 31. axb3 axb3 32. Bd1 Rb4 33. Ra7+
R8b7 34. Rxb7+ Rxb7 35. Rc3 Bd2 36. Rxb3 Rxb3 37. Bxb3 Bc1 38. Ba4+ Kc7 39. b3
f6 40. h4 Kb6 41. Ke2 Kc5 42. Bc6 Kb4 43. Be8 Kxb3 44. Kd3 Kb4 45. Bxh5 Kc5 46.
Bf7 Bh6 47. Ke4 Kc4 48. Kf3 Kd4 49. Kg4 Kd3 50. Kh5 Bc1 51. Kg6 Ke2 52. h5 Kxf2
53. h6 1-0

[Event "16. Obert Internacional Sant Martí 2014"]
[Site "Barcelona ESP"]
[Date "2014.07.21"]
[Round "9.42"]
[White "Mokal, Amruta Sunil"]
[Black "Krotiuk, Daria"]
[Result "0-1"]
[WhiteElo "2046"]
[BlackElo "1924"]
[PlyCount "70"]
[EventDate "2014.07.13"]
[EventType "swiss"]
[EventRounds "9"]
[EventCountry "ESP"]
[Source "lmi"]
[SourceDate "2014.07.13"]

1. e4 c5 2. g3 Nc6 3. Bg2 g6 4. d3 Bg7 5. Nc3 e5 6. Be3 d6 7. Qd2 Be6 8. h4 Qb6
9. O-O-O O-O-O 10. h5 Nge7 11. h6 Bf6 12. Nh3 Nd4 13. Ng5 Bxg5 14. Bxg5 Rd7 15.
Bf6 Re8 16. f4 Nec6 17. Kb1 Qa6 18. Rc1 b5 19. Nd5 b4 20. c3 bxc3 21. Rxc3 Rb7
22. Ka1 Nb3+ 23. Rxb3 Rxb3 24. Bf1 Nb4 25. Nxb4 Rxb4 26. a3 Qa4 27. Bh3 Bxh3
28. Rxh3 Rb3 29. Rh1 Kd7 30. Rc1 Ke6 31. fxe5 dxe5 32. Rc4 Qb5 33. Qg5 Kd6 34.
Qd2 Rb8 35. g4 Rxa3+ 0-1

[Event "16. Obert Internacional Sant Martí 2014"]
[Site "Barcelona ESP"]
[Date "2014.07.21"]
[Round "9.43"]
[White "Alfara Ayllon, Jose Luis"]
[Black "Monedero Gonzalez, Josep"]
[Result "0-1"]
[WhiteElo "1942"]
[BlackElo "2071"]
[PlyCount "58"]
[EventDate "2014.07.13"]
[EventType "swiss"]
[EventRounds "9"]
[EventCountry "ESP"]
[Source "lmi"]
[SourceDate "2014.07.13"]

1. e4 e6 2. d4 d5 3. Bd3 dxe4 4. Bxe4 Nf6 5. Bf3 c5 6. Ne2 Nc6 7. c3 e5 8.
Bxc6+ bxc6 9. dxe5 Qxd1+ 10. Kxd1 Ng4 11. Be3 Nxe5 12. Ng3 Ba6 13. Nd2 O-O-O
14. b3 Bd3 15. h3 h5 16. Kc1 Bg6 17. Nge4 Nd3+ 18. Kc2 f5 19. Bg5 fxe4 20. Bxd8
Kxd8 21. Rhf1 Nxf2 22. Kb2 Nd3+ 23. Ka3 e3 24. Nf3 e2 25. Rg1 c4+ 26. b4 a5 27.
Rab1 Bd6 28. Ka4 axb4 29. cxb4 Kc7 0-1

[Event "16. Obert Internacional Sant Martí 2014"]
[Site "Barcelona ESP"]
[Date "2014.07.21"]
[Round "9.44"]
[White "Moreno Perez, Norberto"]
[Black "Benet Morant, Damia"]
[Result "0-1"]
[WhiteElo "1962"]
[BlackElo "2048"]
[PlyCount "58"]
[EventDate "2014.07.13"]
[EventType "swiss"]
[EventRounds "9"]
[EventCountry "ESP"]
[Source "lmi"]
[SourceDate "2014.07.13"]

1. e4 c5 2. Bc4 e6 3. c3 Nc6 4. Bb3 Nf6 5. d3 d5 6. exd5 exd5 7. Ne2 Bd6 8. Bg5
Be6 9. Bc2 h6 10. Bh4 Bf5 11. Nd2 Rc8 12. O-O Bxh2+ 13. Kxh2 Ng4+ 14. Kg1 Qxh4
15. Nf3 Qd8 16. Ng3 Be6 17. d4 cxd4 18. cxd4 h5 19. Re1 Kf8 20. Qd2 h4 21. Nf1
Qf6 22. Rac1 h3 23. Ng3 h2+ 24. Kh1 Nxd4 25. Nxd4 Nxf2+ 26. Qxf2 Qxf2 27. Nxe6+
Kg8 28. Ng5 g6 29. Ne2 Rxc2 0-1

[Event "16. Obert Internacional Sant Martí 2014"]
[Site "Barcelona ESP"]
[Date "2014.07.21"]
[Round "9.45"]
[White "Romero Gamez, Francisco Javier"]
[Black "Castillo Escario, Yolanda"]
[Result "0-1"]
[WhiteElo "1795"]
[BlackElo "2029"]
[PlyCount "84"]
[EventDate "2014.07.13"]
[EventType "swiss"]
[EventRounds "9"]
[EventCountry "ESP"]
[Source "lmi"]
[SourceDate "2014.07.13"]

1. e4 e5 2. Nf3 Nc6 3. Bb5 a6 4. Ba4 Nf6 5. O-O Nxe4 6. d4 b5 7. Bb3 d5 8. dxe5
Be6 9. c3 Nc5 10. Bc2 Be7 11. Re1 O-O 12. Nbd2 d4 13. cxd4 Nxd4 14. Nxd4 Qxd4
15. Nf3 Qxd1 16. Bxd1 Nd3 17. Rf1 c5 18. Be2 Rfd8 19. h3 c4 20. Bxd3 Rxd3 21.
Bf4 Rad8 22. Rfc1 h6 23. Ne1 R3d5 24. Nc2 Bc5 25. a3 a5 26. Ne1 Bd4 27. Ra2
Bxe5 28. Bxe5 Rxe5 29. Nf3 Re2 30. Kf1 Re4 31. Raa1 Bf5 32. Re1 Ree8 33. Rxe8+
Rxe8 34. Nd4 Bd3+ 35. Kg1 b4 36. axb4 axb4 37. Rc1 Rc8 38. Kh2 Kf8 39. Kg3 Ke7
40. Kf3 Kd6 41. Ke3 Re8+ 42. Kf3 Kd5 0-1

[Event "16. Obert Internacional Sant Martí 2014"]
[Site "Barcelona ESP"]
[Date "2014.07.21"]
[Round "9.46"]
[White "Marchador Villalba, Jordi"]
[Black "Santolaria Pena, M."]
[Result "1-0"]
[WhiteElo "2025"]
[BlackElo "1902"]
[PlyCount "117"]
[EventDate "2014.07.13"]
[EventType "swiss"]
[EventRounds "9"]
[EventCountry "ESP"]
[Source "lmi"]
[SourceDate "2014.07.13"]

1. d4 Nf6 2. Bg5 Ne4 3. Bh4 g5 4. f3 gxh4 5. fxe4 d6 6. Nf3 e6 7. Nc3 Bg7 8. e3
a6 9. Bd3 Nc6 10. Ne2 Qf6 11. Rf1 Qh6 12. Qd2 Rg8 13. O-O-O Bf6 14. Rf2 e5 15.
h3 Bd7 16. Rdf1 O-O-O 17. Bc4 Rg7 18. d5 Na7 19. Nc3 Rdg8 20. Qe2 Bd8 21. Kb1
f5 22. exf5 Bxf5 23. e4 Bd7 24. a4 Kb8 25. Ka2 Nc8 26. b4 Ne7 27. Ne1 Ng6 28.
Nd3 Nf4 29. Nxf4 exf4 30. Bd3 Bf6 31. Qd2 Bd4 32. Re2 Be3 33. Qe1 Rxg2 34. b5
a5 35. Rxg2 Rxg2 36. Nb1 b6 37. Qc3 Bxh3 38. Na3 Qg7 39. Qe1 Bd2 40. Qxh4 Bc8
41. Nc4 Rg4 42. Qd8 Be3 43. Nxe3 fxe3 44. Rf8 Qxf8 45. Qxf8 Kb7 46. Qh6 e2 47.
Qe3 Rg2 48. Bxe2 h5 49. Bxh5 Rxc2+ 50. Kb3 Rh2 51. Bf3 Rh3 52. Qf4 Bd7 53. Kc4
Rh8 54. e5 dxe5 55. Qxe5 Rh4+ 56. Kd3 Kb8 57. d6 Rxa4 58. Qh8+ Bc8 59. d7 1-0

[Event "16. Obert Internacional Sant Martí 2014"]
[Site "Barcelona ESP"]
[Date "2014.07.21"]
[Round "9.47"]
[White "Ramon Serrano, Francisco Javier"]
[Black "Julian Barrachina, Lluis"]
[Result "1-0"]
[WhiteElo "2022"]
[BlackElo "2125"]
[PlyCount "77"]
[EventDate "2014.07.13"]
[EventType "swiss"]
[EventRounds "9"]
[EventCountry "ESP"]
[Source "lmi"]
[SourceDate "2014.07.13"]

1. d4 d5 2. Nf3 e6 3. c4 c5 4. cxd5 exd5 5. g3 Nc6 6. Bg2 Nf6 7. O-O Be7 8.
dxc5 Bxc5 9. Qc2 Be7 10. Nc3 O-O 11. Bg5 Be6 12. Rad1 Qa5 13. Nd4 Nxd4 14. Rxd4
Rac8 15. Qd2 Qc5 16. Be3 Rfd8 17. Rxd5 Qc7 18. Rxd8+ Rxd8 19. Qc1 Rc8 20. Qb1
h6 21. Ne4 Nd5 22. Rc1 Qa5 23. Rxc8+ Bxc8 24. Bd2 Qb6 25. Nc3 Nf6 26. Be3 Qa5
27. Qd1 Be6 28. Bxb7 Ng4 29. Qd4 Nxe3 30. Qxe3 Bc5 31. Qf3 Qd8 32. Bd5 Qe7 33.
Bxe6 fxe6 34. e3 Qd7 35. Qe4 Be7 36. Kg2 Bf6 37. h4 Kf8 38. Ne2 Bxb2 39. Qb4+
1-0

[Event "16. Obert Internacional Sant Martí 2014"]
[Site "Barcelona ESP"]
[Date "2014.07.21"]
[Round "9.48"]
[White "Paragliola, Gennaro"]
[Black "Colom Andres, Xavier"]
[Result "0-1"]
[WhiteElo "1560"]
[BlackElo "1905"]
[PlyCount "84"]
[EventDate "2014.07.13"]
[EventType "swiss"]
[EventRounds "9"]
[EventCountry "ESP"]
[Source "lmi"]
[SourceDate "2014.07.13"]

1. d4 d5 2. c4 c6 3. cxd5 cxd5 4. Nc3 Nc6 5. Nf3 Nf6 6. Bf4 a6 7. e3 Bg4 8. h3
Bd7 9. Bd3 e6 10. a3 Rc8 11. O-O Be7 12. Rc1 Na5 13. Ne5 Nc4 14. Nxc4 dxc4 15.
Be2 Bc6 16. Nb1 b5 17. Nd2 O-O 18. Nf3 Qd5 19. Ne1 Qd7 20. Nf3 Qb7 21. Ne1 Rfd8
22. Bf3 Ne4 23. Be2 Bh4 24. Nf3 Bf6 25. Be5 a5 26. Bxf6 Nxf6 27. g3 Ne4 28. Ne5
Bd5 29. Kh2 f6 30. Nf3 b4 31. a4 c3 32. Qc2 cxb2 33. Qxb2 Nc3 34. Ne1 Nxe2 35.
Rxc8 Rxc8 36. Qxe2 Bc4 37. Nd3 Qe4 38. Rd1 Bb3 39. Ra1 Bd5 40. Nf4 Rc2 41. Qf1
Qf3 42. Kg1 Qh1# 0-1